[Event "Harplinge Mini Open"]
[Site "Tylosand"]
[Date "2015.05.14"]
[Round "1.2"]
[White "Zarytovskaya, Margo"]
[Black "Lindborg, Lukas"]
[Result "1-0"]
[WhiteElo "1663"]
[BlackElo "1189"]

1.e4 c5 2.f4 Nc6 3.Bb5 d6 4.Nf3 Bd7 5.Bxc6 Bxc6 6.d3 Nf6 7.O-O g6 8.Nc3 
Bg7 9.Qe1 O-O 10.f5 a6 11.Qh4 Re8 12.Bh6 gxf5 13.Ng5 e6 14.exf5 exf5 15.
Rxf5 Rb8 16.Raf1 b5 17.Bxg7 Kxg7 18.Rxf6 b4 19.Qxh7+ Kf8 20.Rxf7# 1-0

[Event "Harplinge Mini Open"]
[Site "Tylosand"]
[Date "2015.05.14"]
[Round "1.3"]
[White "Kastrati, Anton"]
[Black "Sadiku, Lorik"]
[Result "0-1"]
[WhiteElo "1170"]
[BlackElo "1549"]

1.e4 c5 2.Nf3 d6 3.e5 Nc6 4.Bb5 Bd7 5.exd6 exd6 6.O-O Be7 7.Bxc6 Bxc6 8.
Nc3 Nf6 9.d4 Bxf3 10.Qxf3 cxd4 11.Nd5 Nxd5 12.Qxd5 O-O 13.Qxd4 Qc7 14.Qe4 
Bf6 15.c3 Be5 16.g3 Rfe8 17.Bf4 Bxc3 18.Qc2 Ba5 19.Qxc7 Bxc7 20.b4 Rad8 
21.a4 a6 22.b5 axb5 23.axb5 Bb6 24.Kg2 Bd4 25.Rad1 Be5 26.Bxe5 Rxe5 27.b6 
Rb5 28.Rb1 Rxb1 29.Rxb1 f6 30.Re1 Kf7 31.Rc1 Re8 32.h4 h6 33.Rd1 Re6 34.
Rc1 d5 35.Rc7+ Re7 36.Kh3 Ke6 37.f4 Rxc7 38.bxc7 Kd7 39.Kg2 Kxc7 40.Kf2 
Kd6 41.Ke3 Kc5 42.Kd3 b5 43.g4 g6 44.h5 g5 45.fxg5 fxg5 46.Kc3 b4+ 47.Kb3 
d4 48.Kb2 Kc4 49.Kc2 b3+ 50.Kb2 d3 51.Kc1 Kc3 52.Kb1 d2 53.Ka1 d1=Q# 0-1

[Event "Harplinge Mini Open"]
[Site "Tylosand"]
[Date "2015.05.14"]
[Round "1.4"]
[White "Nylander, Lennart"]
[Black "Sorensen, Alva"]
[Result "1-0"]
[WhiteElo "1536"]
[BlackElo "1337"]

1.e4 c5 2.Nf3 d6 3.d4 cxd4 4.Nxd4 Nf6 5.Nc3 g6 6.Bd3 Bg7 7.Nce2 Nc6 8.c3 
O-O 9.O-O Bd7 10.f4 a6 11.f5 b5 12.Nf4 Re8 13.fxg6 fxg6 14.Nfe6 Bxe6 15.
Nxe6 Qb6+ 16.Kh1 Bh8 17.h3 Nd8 18.Ng5 h6 19.Nf3 Nf7 20.Qc2 Nd7 21.Nd4 Nc5 
22.Be3 Qc7 23.Be2 Bg7 24.b4 Bxd4 25.Bxd4 Ne6 26.Be3 Rac8 27.e5 Kg7 28.exd6
Nxd6 29.Bd2 Nc4 30.Bxc4 Qxc4 31.Qb2 Rf8 32.Rfe1 Rcd8 33.Be3 Rd3 34.Bd4+ 
Nxd4 35.cxd4 Qxd4 36.Rxe7+ Kf6 37.Qxd4+ Rxd4 38.Ra7 Rb8 39.Rxa6+ Kg7 40.a3
Rd2 41.Rc1 h5 42.Rcc6 g5 43.Rg6+ Kf7 44.Rxg5 Rd1+ 45.Kh2 h4 46.Rg4 Rh8 47.
Rb6 Rd5 48.Rf4+ Ke7 49.Rg4 Kf7 50.Rc6 Rdh5 51.Rd4 Rb8 52.Rd7+ Ke8 53.Rdd6 
Ke7 54.Rh6 Rh8 55.Rc7+ Kd8 56.Rxh8+ Rxh8 57.Rc5 Kd7 58.Rxb5 Kc6 59.Rf5 Ra8
60.b5+ Kb6 61.Rf4 Kxb5 62.Rxh4 Rxa3 63.Rf4 Ra8 64.g4 Kc6 65.h4 Kd6 66.g5 
Ke5 67.Rf6 Rh8 68.Kg3 Ke4 69.Rf4+ Ke5 70.Kg4 Rh7 71.h5 Rh8 72.h6 Rh7 73.
Rf5+ Ke4 74.Rf8 Rd7 75.Kh5 Ke5 76.Kg6 Rd6+ 77.Rf6 Rd8 78.Kg7 Rd7+ 79.Rf7 
Rd8 80.h7 Ke6 81.Rf6+ Ke5 82.g6 Rd7+ 83.Rf7 Rd8 84.h8=Q Rxh8 85.Kxh8 Ke6 
86.Ra7 Kf6 87.g7 Kg6 88.g8=R+ Kf6 89.Re8 Kf5 90.Rf7+ Kg6 91.Rf2 Kg5 92.
Rg8+ Kh4 93.Rh2# 1-0

[Event "Harplinge Mini Open"]
[Site "Tylosand"]
[Date "2015.05.14"]
[Round "1.5"]
[White "Jepson, Tilda"]
[Black "Nilsson, Gert"]
[Result "1-0"]
[WhiteElo "1161"]
[BlackElo "1543"]

1.e4 e5 2.Nf3 Nc6 3.Nc3 Nf6 4.Bb5 a6 5.Bxc6 dxc6 6.O-O Bg4 7.h3 Bh5 8.d3 
Bd6 9.Bg5 Qd7 10.d4 exd4 11.e5 Bxf3 12.Qxf3 Bxe5 13.Rfe1 O-O-O 14.Ne4 h6 
15.Nxf6 gxf6 16.Bxf6 Bxf6 17.Qxf6 Rdg8 18.Rad1 c5 19.c3 Rg6 20.Qxh8+ Qd8 
21.Re8 1-0

[Event "Harplinge Mini Open"]
[Site "Tylosand"]
[Date "2015.05.14"]
[Round "1.6"]
[White "Bjorkman, Filip"]
[Black "Uhrberg, Hillevi"]
[Result "1-0"]
[WhiteElo "1487"]
[BlackElo "1149"]

1.e4 e5 2.Nf3 Nf6 3.Nc3 Nc6 4.Bb5 Bb4 5.d3 O-O 6.Bg5 Nd4 7.Bc4 d6 8.h3 c6 
9.O-O h6 10.Bh4 Qe7 11.a3 Ba5 12.Ne2 Bb6 13.Nfxd4 Bxd4 14.Nxd4 exd4 15.f4 
Re8 16.Qf3 Be6 17.e5 Bxc4 18.exf6 gxf6 19.dxc4 Qe6 20.b3 f5 21.Rae1 Qg6 
22.Qg3 Qxg3 23.Bxg3 Re3 24.Rxe3 dxe3 25.Re1 Re8 26.Kf1 d5 27.cxd5 cxd5 28.
Ke2 d4 29.Kd3 Rd8 30.Bh4 Rd6 31.Be7 Rd7 32.Bc5 f6 33.Bxd4 Rg7 34.Re2 1-0

[Event "Harplinge Mini Open"]
[Site "Tylosand"]
[Date "2015.05.14"]
[Round "2.1"]
[White "Sniegon, Adam"]
[Black "Ng, Agnes"]
[Result "1/2-1/2"]
[WhiteElo "1585"]
[BlackElo "1375"]

1.d4 f5 2.g3 Nf6 3.Bg2 g6 4.c4 Bg7 5.Nc3 O-O 6.Nf3 d6 7.O-O Nc6 8.d5 Ne5 
9.Nxe5 dxe5 10.e4 a6 11.Re1 Nxe4 12.Nxe4 fxe4 13.Bxe4 e6 14.Be3 b6 15.dxe6
Rb8 16.Qxd8 Rxd8 17.Bd5 Rd6 18.e7+ Be6 19.Rad1 Bxd5 20.Rxd5 Rxd5 21.cxd5 
Re8 22.d6 cxd6 23.Rd1 Rxe7 24.Rxd6 Rb7 25.Rxb6 Rxb6 26.Bxb6 e4 27.b3 Kf7 
28.Kf1 Ke6 29.Ke2 Bh6 30.a4 Kd6 31.b4 Kc6 32.Be3 Bf8 33.Bd2 Kd5 34.f3 Bd6 
35.f4 Kc4 36.b5 axb5 37.axb5 Kxb5 38.Ke3 Kc6 39.Kxe4 Kd7 40.Bc3 Ke6 41.g4 
Kf7 42.h3 h6 43.f5 gxf5+ 44.Kxf5 Be7 45.Bd4 Bg5 46.Bf2 Be7 47.h4 Bd8 48.g5
hxg5 49.hxg5 Bxg5 1/2-1/2

[Event "Harplinge Mini Open"]
[Site "Tylosand"]
[Date "2015.05.14"]
[Round "2.2"]
[White "Wernberg, Hugo"]
[Black "Zarytovskaya, Margo"]
[Result "0-1"]
[WhiteElo "1310"]
[BlackElo "1663"]

1.e4 c5 2.Nf3 e6 3.d4 cxd4 4.Nxd4 a6 5.Nc3 Nc6 6.Nxc6 bxc6 7.Be3 Nf6 8.Bg5
Be7 9.Bc4 O-O 10.Qd2 d5 11.exd5 cxd5 12.Bb3 Bd7 13.O-O-O a5 14.a4 Rb8 15.
Qd4 Rb4 16.Qd3 Ne4 17.Bxe7 Qxe7 18.Nxe4 Rxe4 19.Rhe1 Bxa4 20.Rxe4 dxe4 21.
Qc4 Bxb3 22.Qxb3 Qg5+ 23.Qe3 Qxg2 24.h4 Qg4 25.Rd4 Qxh4 26.Rxe4 Qh1+ 27.
Kd2 Rd8+ 28.Kc3 Rc8+ 29.Kb3 Qh5 30.Re5 Qd1 31.Rxa5 Qxc2+ 32.Ka2 Rb8 33.Qe5
Qc4+ 34.Kb1 Rd8 35.Qe1 Qb3 36.Ra7 Rd1+ 37.Qxd1 Qxd1+ 38.Ka2 Qd5+ 39.Ka1 h5
40.Rc7 Qa5+ 41.Kb1 Qxc7 42.b4 Kf8 43.b5 Ke7 44.f4 Kd6 45.f5 exf5 46.b6 
Qxb6+ 47.Kc2 Qd4 48.Kb3 Qc5 49.Ka4 Qb6 50.Ka3 Kc5 51.Ka2 Kc4 52.Ka1 Kc3 
53.Ka2 Qb2# 0-1

[Event "Harplinge Mini Open"]
[Site "Tylosand"]
[Date "2015.05.14"]
[Round "2.4"]
[White "Jonsson, Oscar"]
[Black "Nylander, Lennart"]
[Result "1/2-1/2"]
[WhiteElo "1230"]
[BlackElo "1536"]

1.d4 d5 2.c4 e6 3.Nc3 Nf6 4.e3 Be7 5.Nf3 O-O 6.Be2 dxc4 7.Bxc4 a6 8.a4 
Nbd7 9.O-O b6 10.d5 exd5 11.Nxd5 Bd6 12.Nxf6+ Qxf6 13.Qd3 Ne5 14.Nxe5 Qxe5
15.f4 Qh5 16.e4 Bb7 17.e5 Bc5+ 18.Be3 Qg4 19.Rf2 Rad8 20.Qb3 Bxe3 21.Qxe3 
h5 22.Be2 Qf5 23.h3 g6 24.b4 Rd7 25.b5 a5 26.Rc1 1/2-1/2

[Event "Harplinge Mini Open"]
[Site "Tylosand"]
[Date "2015.05.14"]
[Round "2.5"]
[White "Nilsson, Gert"]
[Black "Fahradin, Bear"]
[Result "1-0"]
[WhiteElo "1543"]
[BlackElo "1210"]

1.d4 d5 2.e3 Nc6 3.f4 Nf6 4.Nf3 Bf5 5.Bd3 Qd7 6.O-O h6 7.Ne5 Nxe5 8.fxe5 
Bg4 9.Qe1 Nh5 10.Be2 g5 11.Bxg4 Qxg4 12.h3 Qg3 13.Qe2 Qh4 14.Nd2 Ng3 15.
Qf3 Nxf1 16.Nxf1 h5 17.Qg3 Qxg3 18.Nxg3 g4 19.h4 e6 20.e4 O-O-O 21.Bg5 Rd7
22.exd5 Rxd5 23.c3 Bg7 24.Rf1 Rf8 25.Nxh5 Bh8 26.Nf4 Ra5 27.Ng6 Rg8 28.
Ne7+ Kd7 29.Nxg8 Rxa2 30.Nf6+ Kc8 31.Nxg4 Rxb2 32.Rxf7 Rb1+ 33.Kh2 a5 34.
Rf8+ Kd7 35.Rxh8 a4 36.Ra8 b5 37.Nf6+ Kc6 38.Ra6+ Kb7 39.Ra5 Kb6 40.Ra8 
Kb7 41.Rd8 Kb6 42.Nd7+ Kb7 43.Nc5+ Kb6 44.Rb8+ Ka7 45.Rb7+ Ka8 46.Rxc7 Kb8
47.Rb7+ Kc8 48.Be7 a3 49.Ra7 Ra1 50.Nxe6 a2 51.Nc5 Kb8 52.Ra5 Kc7 53.Nb3 
Rb1 54.Rxa2 Rxb3 55.Bd6+ Kb6 56.Bb4 Kc6 57.h5 Kd7 58.Ra7+ Ke8 59.h6 Rb2 
60.h7 Rf2 61.h8=Q+ Rf8 62.Qh5+ Rf7 63.Qxf7+ Kd8 64.Qd7# 1-0

[Event "Harplinge Mini Open"]
[Site "Tylosand"]
[Date "2015.05.14"]
[Round "2.6"]
[White "Laine, Jacob"]
[Black "Bjorkman, Filip"]
[Result "0-1"]
[WhiteElo "1097"]
[BlackElo "1487"]

1.e4 Nf6 2.e5 Nd5 3.d4 d6 4.exd6 exd6 5.c4 Nb6 6.Nf3 Bg4 7.Nc3 Nc6 8.Be3 
Be7 9.Be2 Bxf3 10.Bxf3 Qd7 11.c5 Nc4 12.cxd6 Bxd6 13.Qe2 Nxe3 14.Qxe3+ Be7
15.Ne2 O-O 16.O-O Bf6 17.Bxc6 Qxc6 18.Rac1 Qb6 19.b3 Rfe8 20.Qd3 Rad8 21.
Rfd1 Rd7 22.Rc4 Rde7 23.Re1 Qa5 24.Qb1 Rxe2 25.Rxe2 Rxe2 26.Kf1 Qd2 27.Qf5
Qd1# 0-1

[Event "Harplinge Mini Open"]
[Site "Tylosand"]
[Date "2015.05.14"]
[Round "3.2"]
[White "Jepson, Tilda"]
[Black "Sadiku, Lorik"]
[Result "0-1"]
[WhiteElo "1161"]
[BlackElo "1549"]

1.e4 c5 2.Nf3 d6 3.Nc3 Nc6 4.Bb5 Bd7 5.O-O Nf6 6.h3 g6 7.d3 Bg7 8.Re1 a6 
9.Bxc6 Bxc6 10.e5 Bxf3 11.Qxf3 dxe5 12.Rxe5 Nd7 13.Re1 b5 14.Bg5 f6 15.Bf4
O-O 16.Rad1 e5 17.Bg3 Nb6 18.d4 cxd4 19.Ne4 Qe7 20.c3 f5 21.Nd2 e4 22.Nxe4
fxe4 23.Qe2 d3 24.Qg4 Rfe8 25.Rxe4 Qxe4 26.Qxe4 Rxe4 27.Rxd3 Nc4 28.Rd7 
Nxb2 29.f3 Rc4 30.f4 Rxc3 31.h4 Rxg3 32.Kh2 Ra3 33.g3 Rxa2 34.Kh3 a5 35.
Kg4 Nc4 36.h5 Ra3 37.hxg6 hxg6 38.f5 Ne5+ 39.Kg5 Rxg3+ 40.Kf4 Rg4+ 41.Ke3 
Nxd7 42.Kf3 gxf5 43.Ke3 Rc8 44.Kd3 Rcc4 45.Kd2 Rc3 46.Ke2 Rg2+ 47.Kf1 Rb2 
48.Ke1 Rc1# 0-1

[Event "Harplinge Mini Open"]
[Site "Tylosand"]
[Date "2015.05.14"]
[Round "3.3"]
[White "Bjorkman, Filip"]
[Black "Bech Johansson, Amadeus"]
[Result "1-0"]
[WhiteElo "1487"]
[BlackElo "1121"]

1.e4 e5 2.Nf3 Nc6 3.Bb5 Bc5 4.c3 d6 5.h3 Bd7 6.d4 exd4 7.cxd4 Bb4+ 8.Nc3 
Qe7 9.O-O O-O-O 10.Re1 h6 11.a3 Ba5 12.b4 Bb6 13.Nd5 Qe6 14.Nxb6+ axb6 15.
d5 Qf6 16.dxc6 1-0

[Event "Harplinge Mini Open"]
[Site "Tylosand"]
[Date "2015.05.14"]
[Round "3.4"]
[White "Jorgensen, Stein"]
[Black "Kullberg, Jesper"]
[Result "1/2-1/2"]
[WhiteElo "1439"]
[BlackElo "1092"]

1.d4 b6 2.e3 Bb7 3.Nf3 d5 4.Bd3 Nf6 5.O-O c5 6.b3 g6 7.Bb2 Bg7 8.Nbd2 O-O 
9.Ne5 Nc6 10.Nxc6 Bxc6 11.Nf3 Re8 12.Ne5 Bb7 13.Rb1 Rc8 14.Bb5 Rf8 15.Ba3 
a6 16.Be2 Ne4 17.Bb2 Qd6 18.Nf3 c4 19.bxc4 dxc4 20.Nd2 c3 21.Nxe4 Bxe4 22.
Ba1 b5 23.Bf3 Bf5 24.Bg4 Bxg4 25.Qxg4 h5 26.Qe4 e5 27.dxe5 Bxe5 28.f4 Bf6 
29.Rbd1 Qa3 30.Rb1 Qxa2 31.f5 g5 32.Qf3 h4 33.Rb4 Qxc2 34.Rxh4 gxh4 35.
Qg4+ Kh8 36.Qh5+ Kg8 37.Qg4+ Kh8 38.Qh5+ Kg8 1/2-1/2

[Event "Harplinge Mini Open"]
[Site "Tylosand"]
[Date "2015.05.14"]
[Round "3.5"]
[White "Nylander, Lennart"]
[Black "Sniegon, Adam"]
[Result "0-1"]
[WhiteElo "1536"]
[BlackElo "1585"]

1.e4 b6 2.d4 Bb7 3.Nc3 e6 4.Bd3 Bb4 5.Nf3 Nf6 6.Bg5 h6 7.Bxf6 Qxf6 8.O-O 
c5 9.Nb5 Kd8 10.c3 c4 11.Bc2 Be7 12.Qd2 g5 13.e5 Qg7 14.Qe3 a6 15.Nd6 Bxd6
16.exd6 Qf8 17.Ne5 b5 18.Be4 Nc6 19.Nxc6+ Bxc6 20.Bxc6 dxc6 21.Qe5 Kd7 22.
a4 Qxd6 23.axb5 cxb5 24.Qxd6+ Kxd6 25.Ra5 Kc6 26.f4 f5 27.fxg5 hxg5 28.Re1
Rhe8 29.Re5 Kb6 30.Ra1 Rad8 31.Rae1 Rd6 32.Rxf5 exf5 33.Rxe8 Rf6 34.Re5 a5
35.Kf2 Kc6 36.Kf3 Kb6 37.g3 b4 38.cxb4 axb4 39.Rc5 Rc6 40.Rxc6+ Kxc6 41.
Ke3 Kd5 42.h4 f4+ 43.Kf3 gxh4 44.gxh4 c3 45.bxc3 bxc3 46.Ke2 f3+ 0-1

[Event "Harplinge Mini Open"]
[Site "Tylosand"]
[Date "2015.05.14"]
[Round "3.6"]
[White "Ng, Agnes"]
[Black "Jonsson, Oscar"]
[Result "0-1"]
[WhiteElo "1375"]
[BlackElo "1230"]

1.e4 e5 2.Nf3 Nc6 3.Bb5 d6 4.O-O Bd7 5.Re1 Nf6 6.d4 Nxd4 7.Nxd4 exd4 8.
Bxd7+ Qxd7 9.Qxd4 c5 10.Qd1 O-O-O 11.Nc3 g6 12.Bg5 Be7 13.Qf3 Nh5 14.Bxe7 
Qxe7 15.Nd5 Qe6 16.b4 Rhe8 17.bxc5 dxc5 18.Qc3 b6 19.a4 a5 20.Rab1 Rd6 21.
Qh3 f5 22.c4 Kb7 23.e5 Rc6 24.Qf3 Ka7 25.Rb5 Rb8 26.h3 Ng7 27.Qf4 Nh5 28.
Qh6 Qf7 29.Qg5 Ng7 30.Qe7+ Qxe7 31.Nxe7 Re6 32.Nd5 Ne8 33.f4 h6 34.Kf2 g5 
35.g3 gxf4 36.gxf4 Ng7 37.Nf6 Kb7 38.Rg1 Ne8 39.Re1 Nxf6 40.exf6 Rxe1 41.
Kxe1 Rf8 42.Rb2 Rxf6 43.Re2 Rg6 44.Kf2 h5 45.Re5 Rf6 46.Kg3 Rd6 47.Rxf5 
Rd4 48.Rxh5 Rxc4 49.Rh4 Rxa4 50.f5 Ra3+ 51.Kg4 Kc8 52.Kg5 Rg3+ 53.Kf4 Rd3 
54.f6 Rd4+ 55.Kg5 Rxh4 56.Kxh4 Kd7 57.Kg5 Ke8 58.h4 c4 59.h5 c3 60.h6 c2 
61.Kg6 c1=Q 62.Kg7 Qg5+ 63.Kh7 Kf7 64.Kh8 Qg8# 0-1

[Event "Harplinge Mini Open"]
[Site "Tylosand"]
[Date "2015.05.14"]
[Round "4.1"]
[White "Sadiku, Lorik"]
[Black "Zarytovskaya, Margo"]
[Result "1/2-1/2"]
[WhiteElo "1549"]
[BlackElo "1663"]

1.e4 c5 2.Nf3 e6 3.d4 cxd4 4.Nxd4 a6 5.Nc3 Nc6 6.Be3 Bb4 7.f3 Nf6 8.Bg5 
Be7 9.Be2 O-O 10.Be3 Qc7 11.f4 d5 12.e5 Ne8 13.Qd2 b5 14.a3 Bb7 15.O-O-O 
b4 16.axb4 Bxb4 17.Qd3 Na5 18.Na2 Be7 19.Qc3 Qd8 20.Kb1 Rc8 21.Qd2 Nc4 22.
Bxc4 dxc4 23.Rhg1 Bd5 24.c3 Qa5 25.g4 Be4+ 26.Nc2 Rb8 27.Qc1 Ba3 28.Nb4 
Bxb4 29.cxb4 Qxb4 30.Rd4 Bxc2+ 31.Qxc2 Rc8 32.Rc1 Qb5 33.Rxc4 Rc7 1/2-1/2

[Event "Harplinge Mini Open"]
[Site "Tylosand"]
[Date "2015.05.14"]
[Round "4.2"]
[White "Sniegon, Adam"]
[Black "Bjorkman, Filip"]
[Result "0-1"]
[WhiteElo "1585"]
[BlackElo "1487"]

1.d4 Nf6 2.c4 g6 3.Nc3 d5 4.Nf3 Bg4 5.e3 Bg7 6.h3 Bxf3 7.Qxf3 c6 8.cxd5 
Nxd5 9.Bc4 e6 10.Nxd5 cxd5 11.Bd3 Nc6 12.O-O O-O 13.Bd2 Qd7 14.Rac1 Rfc8 
15.Bb5 a6 16.Ba4 b5 17.Bc2 Ra7 18.Bd3 e5 19.dxe5 Nxe5 20.Rxc8+ Qxc8 21.Qe2
Nc4 22.Bxc4 dxc4 23.Bc3 Bxc3 24.bxc3 Rd7 25.Rd1 Qd8 26.Rd4 Kg7 27.Qc2 Rxd4
28.exd4 Qe7 29.Qd2 Qd6 30.Qb2 Qe7 31.Qd2 Qd6 32.Kh1 a5 33.Kg1 b4 34.d5 Qe5
35.cxb4 axb4 36.Qxb4 Qxd5 37.Qc3+ f6 38.a4 Qd1+ 39.Kh2 Qxa4 40.g4 Qb3 41.
Qd4 Qd3 42.Qa7+ Kh6 43.Qb8 Kg5 44.Qb5+ f5 45.Qc5 Qe4 46.gxf5 gxf5 47.Qc8 
0-1

[Event "Harplinge Mini Open"]
[Site "Tylosand"]
[Date "2015.05.14"]
[Round "4.3"]
[White "Jonsson, Oscar"]
[Black "Jorgensen, Stein"]
[Result "1-0"]
[WhiteElo "1230"]
[BlackElo "1439"]

1.d4 f5 2.c4 Nf6 3.Nc3 e6 4.e3 c6 5.Nf3 d5 6.cxd5 exd5 7.Be2 Bd6 8.O-O O-O
9.a3 Be6 10.Bd2 Nbd7 11.Qc2 Ne4 12.Nxe4 fxe4 13.Ne1 Qh4 14.g3 Qh3 15.Ng2 
g5 16.Be1 Rf6 17.f4 Rh6 18.Bc3 Qxh2+ 19.Kf2 Rh3 20.Rh1 Qxg3+ 21.Kg1 Rxh1+ 
22.Kxh1 Bh3 23.Rg1 Be6 24.Rf1 gxf4 25.exf4 Bh3 26.Rg1 Be6 27.Ne3 1-0

[Event "Harplinge Mini Open"]
[Site "Tylosand"]
[Date "2015.05.14"]
[Round "4.4"]
[White "Kullberg, Jesper"]
[Black "Sixt, Joar"]
[Result "1-0"]
[WhiteElo "1092"]
[BlackElo "1466"]

1.d4 d5 2.c4 e6 3.Nf3 Nf6 4.g3 c6 5.Bg5 Be7 6.Bg2 O-O 7.O-O dxc4 8.e3 Re8 
9.Nc3 b5 10.Ne5 Bb7 11.b3 cxb3 12.Qxb3 Nd5 13.Bxe7 Rxe7 14.Rac1 Rc7 15.
Nxd5 exd5 16.a4 bxa4 17.Qxa4 Qd6 18.Nd3 Ba6 19.Rfd1 Bb5 20.Qa2 Nd7 21.Nc5 
Nf6 22.Na6 Bxa6 23.Qxa6 Re8 24.Rc2 h5 25.Rdc1 Rec8 26.Bh3 Ng4 27.f3 Nxe3 
28.Rc3 Qf6 29.Rxe3 Qxd4 30.Qd3 Qxd3 31.Rxd3 Re8 32.Rdc3 d4 33.Rxc6 Rxc6 
34.Rxc6 d3 35.Rd6 Re3 36.Bf1 a5 37.Bxd3 a4 38.Bc4 a3 39.Ra6 Rc3 40.Bd5 Kf8
41.Ra7 g5 42.Bxf7 Rxf3 43.Bd5 Rc3 44.Ra8+ Ke7 45.Ra6 g4 46.Kf2 Rd3 47.Bg8 
Kd7 48.Ra5 Kd6 49.Ke2 Rc3 50.Kd2 Rf3 51.Ke2 Rc3 52.Kd1 Rf3 53.Rxh5 Rf1+ 
54.Ke2 Rf3 55.Bd5 Rc3 56.Bg8 Rc8 57.Rg5 Rc2+ 58.Kd3 a2 59.Rg6+ Kc5 60.Ra6 
Rxh2 61.Bxa2 Rg2 62.Ra5+ Kd6 63.Ra6+ Ke5 64.Ra5+ Kd6 65.Rd5+ Kc6 66.Rd4 
Rxa2 67.Rxg4 Ra3+ 68.Ke4 Ra4+ 69.Kf5 Ra5+ 70.Kf6 Rd5 71.Kg6 Rd6+ 72.Kh5 
Kc5 73.Rg5+ Kd4 74.Rf5 Ke4 75.Rf8 Rd7 76.g4 Rg7 77.g5 Rh7+ 78.Kg6 Rd7 79.
Rf7 Rxf7 80.Kxf7 Kf5 81.g6 Ke5 82.g7 Kd5 83.g8=Q Ke5 84.Qg5+ Kd4 85.Ke6 
Ke4 86.Qe5+ Kd3 87.Qf4 Kc3 88.Kd5 Kc2 89.Qf3 Kd2 90.Kd4 Kc2 91.Qd3+ 1-0

[Event "Harplinge Mini Open"]
[Site "Tylosand"]
[Date "2015.05.14"]
[Round "4.5"]
[White "Nilsson, Gert"]
[Black "Krohn, Johan"]
[Result "1-0"]
[WhiteElo "1543"]
[BlackElo "1192"]

1.d4 e6 2.e3 d5 3.f4 c5 4.c3 Nf6 5.Bd3 Bd6 6.Nf3 Nbd7 7.Ne5 Bxe5 8.fxe5 
Ne4 9.O-O f6 10.Bxe4 dxe4 11.Qg4 Qe7 12.Qxe4 O-O 13.Nd2 Rb8 14.Nf3 b6 15.
exf6 Nxf6 16.Qd3 Bb7 17.Bd2 Bxf3 18.Rxf3 Qd6 19.Qe2 Ng4 20.Rh3 Nf6 21.e4 
e5 22.d5 b5 23.Rf1 c4 24.Bg5 Qc5+ 25.Be3 Qd6 26.Rff3 Nxe4 27.Rxf8+ Rxf8 
28.Rf3 Qxd5 29.Rxf8+ Kxf8 30.Qf3+ Ke7 31.Bg5+ Nxg5 32.Qxd5 e4 33.Kf2 b4 
34.Qxg5+ 1-0

[Event "Harplinge Mini Open"]
[Site "Tylosand"]
[Date "2015.05.15"]
[Round "5.1"]
[White "Bjorkman, Filip"]
[Black "Sadiku, Lorik"]
[Result "1-0"]
[WhiteElo "1487"]
[BlackElo "1549"]

1.e4 c5 2.Nf3 Nc6 3.d4 cxd4 4.Nxd4 d6 5.Bb5 Bd7 6.Nc3 a6 7.Nxc6 bxc6 8.Bd3
Nf6 9.Bg5 e6 10.O-O Be7 11.Be3 O-O 12.Qe2 a5 13.Na4 c5 14.Nc3 Qb6 15.b3 
Bc6 16.Bg5 Rfe8 17.a4 Qb4 18.Bd2 Qb6 19.Kh1 d5 20.e5 Nd7 21.f4 Qb7 22.Nb5 
Nb6 23.Rf3 c4 24.Bxh7+ Kxh7 25.Rh3+ Kg8 26.Qh5 f6 27.Qh8+ Kf7 28.Qh5+ Kg8 
29.f5 exf5 30.e6 d4 31.Qh8# 1-0

[Event "Harplinge Mini Open"]
[Site "Tylosand"]
[Date "2015.05.15"]
[Round "5.2"]
[White "Zarytovskaya, Margo"]
[Black "Kullberg, Jesper"]
[Result "1-0"]
[WhiteElo "1663"]
[BlackElo "1092"]

1.e4 e5 2.Nf3 Nc6 3.d4 exd4 4.Bc4 h6 5.Nxd4 Bc5 6.Be3 Qf6 7.c3 Qe5 8.O-O 
Qxe4 9.Bxf7+ Kxf7 10.Qh5+ g6 11.Qxc5 d6 12.Qc4+ Be6 13.Qe2 Nf6 14.Nd2 Qe5 
15.N2f3 Qe4 16.Nxe6 Qxe6 17.Qd3 Qe4 18.Qd2 g5 19.Rfe1 Qf5 20.Nd4 Nxd4 21.
Bxd4 a6 22.Re3 Rhe8 23.Rf3 Qg6 24.Rxf6+ 1-0

[Event "Harplinge Mini Open"]
[Site "Tylosand"]
[Date "2015.05.15"]
[Round "5.3"]
[White "Nilsson, Gert"]
[Black "Jonsson, Oscar"]
[Result "0-1"]
[WhiteElo "1543"]
[BlackElo "1230"]

1.d4 Nf6 2.e3 g6 3.f4 d5 4.Bd3 Bg7 5.Nf3 c5 6.c3 c4 7.Bc2 O-O 8.O-O Bg4 9.
Qe1 Bxf3 10.Rxf3 Nc6 11.Nd2 b5 12.b3 Rb8 13.b4 a5 14.a3 Ra8 15.Bb2 Ra6 16.
f5 Qa8 17.fxg6 fxg6 18.Rf1 axb4 19.axb4 Rxa1 20.Qxa1 Qxa1 21.Rxa1 e5 22.
Ra6 Rc8 23.e4 exd4 24.exd5 Nxd5 25.Ne4 dxc3 26.Nd6 Bd4+ 27.Kh1 Rf8 28.g3 
Ncxb4 29.Nxb5 Nxa6 30.Ba3 Rf1+ 31.Kg2 Rf2+ 32.Kh3 Rxc2 33.Nxd4 Ra2 34.Bc1 
Kf7 35.Bg5 Nab4 36.g4 c2 37.Ne2 Kg7 38.Nd4 Nd3 39.Ne2 h6 40.Bd2 c1=Q 0-1

[Event "Harplinge Mini Open"]
[Site "Tylosand"]
[Date "2015.05.15"]
[Round "5.5"]
[White "Jorgensen, Stein"]
[Black "Sniegon, Adam"]
[Result "0-1"]
[WhiteElo "1439"]
[BlackElo "1585"]

1.d4 f5 2.Nf3 Nf6 3.g3 g6 4.Bg2 Bg7 5.O-O O-O 6.b3 d6 7.Bb2 c6 8.c4 Kh8 9.
Nbd2 Be6 10.Qc2 Nbd7 11.Ng5 Bg8 12.e4 fxe4 13.Ngxe4 Nxe4 14.Nxe4 Nf6 15.
Ng5 0-1

[Event "Harplinge Mini Open"]
[Site "Tylosand"]
[Date "2015.05.15"]
[Round "5.6"]
[White "Nylander, Lennart"]
[Black "Bech Johansson, Amadeus"]
[Result "1/2-1/2"]
[WhiteElo "1536"]
[BlackElo "1121"]

1.e4 e5 2.Nf3 Nc6 3.d4 d5 4.dxe5 dxe4 5.Qxd8+ Nxd8 6.Nd4 Bc5 7.Be3 Bxd4 8.
Bxd4 Bf5 9.Nc3 Ne6 10.Be3 O-O-O 11.Bc4 Ne7 12.O-O a6 13.h3 Nc6 14.g4 Bg6 
15.Bd5 Nxe5 16.Bxe4 Bxe4 17.Nxe4 Rhg8 18.b3 g6 19.f4 Nc6 20.Nf6 Rg7 21.c4 
h5 22.g5 Nf8 23.Rad1 Rxd1 24.Rxd1 Nh7 25.Nxh7 1/2-1/2

[Event "Deltalift Open"]
[Site "Tylosand"]
[Date "2015.05.15"]
[Round "5.2"]
[White "Rosberg, Simon"]
[Black "Smith, Axel"]
[Result "1/2-1/2"]
[WhiteElo "2262"]
[BlackElo "2454"]

1.Nf3 c5 2.c4 Nc6 3.d4 cxd4 4.Nxd4 Nf6 5.Nc3 Qb6 6.e3 e6 7.a3 Be7 8.Be2 
O-O 9.O-O Rd8 10.Ndb5 Rf8 11.b4 d5 12.cxd5 exd5 13.Bb2 Be6 14.Na4 Qd8 15.
Nc5 Bxc5 16.bxc5 Ne4 17.Rc1 Qe7 18.Nd4 Rac8 19.Nxc6 Rxc6 20.Qd4 f6 21.Bf3 
Bf7 22.Bxe4 Qxe4 23.Rfd1 Rfc8 24.Qxe4 dxe4 25.Rd7 b6 26.Rxa7 Be6 27.Ra6 
bxc5 28.Rxc6 Rxc6 29.Bd4 c4 30.a4 Ra6 31.Ra1 Ra5 32.Bc3 Rd5 33.Bd4 Ra5 34.
Bc3 Rd5 35.Bd4 1/2-1/2

[Event "Deltalift Open"]
[Site "Tylosand"]
[Date "2015.05.15"]
[Round "5.3"]
[White "Westerberg, Jonathan"]
[Black "Akesson, Ralf"]
[Result "1/2-1/2"]
[WhiteElo "2447"]
[BlackElo "2436"]

1.e4 c5 2.Nf3 Nc6 3.Bb5 g6 4.Bxc6 dxc6 5.d3 Bg7 6.h3 Nf6 7.Nc3 Nd7 8.Be3 
e5 9.Qd2 h6 10.Nh2 Qe7 11.O-O a5 12.f4 exf4 13.Rxf4 a4 14.Raf1 Ne5 15.b3 
axb3 16.axb3 Be6 17.Na4 Nd7 18.Qf2 Be5 19.Rf3 Bd6 20.Bf4 b5 21.Bxd6 Qxd6 
22.Nc3 Ne5 23.Rf6 Qd4 24.Qxd4 cxd4 25.Ne2 Rd8 26.Nf3 Nxf3+ 27.R6xf3 c5 28.
Nf4 O-O 29.Nxe6 fxe6 30.Rf6 Rxf6 31.Rxf6 Rd6 32.Rxg6+ Kh7 33.Rf6 Kg7 34.
Rf2 c4 35.bxc4 bxc4 36.e5 Rd5 37.Rf4 cxd3 38.cxd3 Rxe5 39.Rxd4 Re2 40.Kh2 
Re3 41.Rg4+ Kf6 42.Rg3 Re2 43.h4 Re5 44.Kh3 h5 45.Rf3+ Kg6 46.g4 Re1 47.g5
e5 48.Rf6+ Kg7 49.Rh6 Re3+ 50.Kg2 Rxd3 51.Kf2 e4 52.Ke2 Ra3 53.Re6 e3 54.
Re4 Kg6 55.Rf4 Kg7 56.Kf3 Kg6 57.Rb4 Kg7 58.Re4 e2+ 59.Kxe2 Rh3 60.Kf2 Ra3
61.Kg2 Rb3 62.Re7+ Kg6 63.Re6+ Kg7 64.Rh6 Ra3 65.Kf2 Rb3 66.Rxh5 Rb6 67.
Kf3 Ra6 68.Rh6 Rxh6 69.gxh6+ Kxh6 70.Kg4 Kg6 71.h5+ Kh6 72.Kh4 Kh7 73.Kg5 
Kg7 74.h6+ Kh7 75.Kh5 Kh8 76.Kg6 Kg8 77.h7+ Kh8 78.Kh6 1/2-1/2

[Event "Deltalift Open"]
[Site "Tylosand"]
[Date "2015.05.15"]
[Round "5.4"]
[White "Lindgren, Philip"]
[Black "Berg, Emanuel"]
[Result "1/2-1/2"]
[WhiteElo "2346"]
[BlackElo "2553"]

1.d4 Nf6 2.c4 g6 3.Nf3 Bg7 4.Nc3 d6 5.Bg5 h6 6.Bh4 g5 7.Bg3 Nh5 8.e3 c5 9.
d5 Nd7 10.Bd3 Ndf6 11.Qc2 Bd7 12.Nd2 a6 13.Rb1 b5 14.b3 Nxg3 15.hxg3 b4 
16.Ne2 Ng4 17.Nf1 Ne5 18.f3 Nxd3+ 19.Qxd3 a5 20.g4 a4 21.Nfg3 axb3 22.axb3
Ra2 23.O-O Qa5 24.Nh5 Be5 25.Nc1 Ra1 26.Rxa1 Qxa1 27.Qe4 O-O 28.Nd3 Qxf1+ 
29.Kxf1 f5 30.Qxe5 dxe5 31.Nxc5 Bc8 32.gxf5 Bxf5 33.e4 Bg6 34.Ng3 Ra8 35.
Nd3 Ra3 36.Nxb4 Rxb3 37.Nc6 Kf8 38.Nxe5 Be8 39.c5 Rb1+ 40.Kf2 Rb2+ 41.Kg1 
Rc2 42.c6 e6 43.dxe6 Rc1+ 44.Kh2 Ke7 45.Nf5+ Kxe6 46.Nd3 Rc3 47.Nb4 Rc4 
48.Nd5 Bxc6 49.Nde3 Ra4 50.Nxh6 Bxe4 51.fxe4 Rxe4 52.Nhg4 Ra4 53.Kg3 Ra1 
54.Kf3 Rg1 55.Kf2 Ra1 56.Nh2 Ra2+ 57.Kf3 g4+ 58.Kg3 Re2 59.Nhxg4 Rxg2+ 60.
Kxg2 Kd6 61.Kf3 1/2-1/2

[Event "Deltalift Open"]
[Site "Tylosand"]
[Date "2015.05.15"]
[Round "5.5"]
[White "Hector, Jonny"]
[Black "Sagit, Rauan"]
[Result "1-0"]
[WhiteElo "2485"]
[BlackElo "2360"]

1.e4 c5 2.Nf3 d6 3.d4 cxd4 4.Nxd4 Nf6 5.Nc3 a6 6.Bg5 e6 7.f4 Qb6 8.Nb3 h6 
9.Bxf6 gxf6 10.Qd2 Bd7 11.Be2 h5 12.O-O-O Nc6 13.Rhf1 O-O-O 14.Rf3 Be7 15.
Nd5 exd5 16.exd5 f5 17.dxc6 Bxc6 18.Re3 Bf6 19.Bf3 Rhg8 20.Bxc6 Qxc6 21.g3
d5 22.Qd3 h4 23.Qxf5+ Kb8 24.Red3 hxg3 25.hxg3 d4 26.Qc5 Qe6 27.Qb4 Rc8 
28.Kb1 Rc4 29.Qe1 Qb6 30.Qe4 Rb4 31.Qd5 a5 32.a3 Rb5 33.Qxf7 Rc8 34.Re1 
Qc6 35.Na1 Rb6 36.g4 a4 37.g5 Bh8 38.f5 Qb5 39.b4 axb3 40.Rxb3 Qc6 41.Rxb6
Qxb6+ 42.Qb3 Qc6 43.f6 Qg2 44.Re7 d3 45.Qxd3 Qxg5 46.Qd6+ Ka8 47.Qd7 Qg1+ 
48.Ka2 Rb8 49.Qa4+ Qa7 50.Qxa7+ Kxa7 51.f7 1-0